LEADER 01315cam--2200397---450- 001 990002877150203316 005 20120517135928.0 010 $a2-233-00-470-1 035 $a000287715 035 $aUSA01000287715 035 $a(ALEPH)000287715USA01 035 $a000287715 100 $a20070307d2005----km-y0itay50------ba 101 $afre 102 $aFR 105 $a||||||||001yy 200 1 $a<> droit relatif au maintien de la paix internationale$eévolution historique, valeurs fondatrices et tendances actuelles$fRobert Kolb 210 $aParis$cPedone$d2005 215 $a118 p.$d24 cm 225 2 $aCours et travaux$v4 410 0$12001$aCours et travaux$v4 606 0 $aPace$xDiritto internazionale$2BNCF 676 $a341.584 700 1$aKOLB,$bRobert$0267679 801 0$aIT$bsalbc$gISBD 912 $a990002877150203316 951 $aXXIII.1.M. 109 (IG VIII 11 FR 360)$b52491 G.$cXXIII.1.M.$d00121823 959 $aBK 969 $aGIU 979 $aCAPORASO$b90$c20070307$lUSA01$h1518 979 $aCAPORASO$b90$c20070308$lUSA01$h0926 979 $aCAPORASO$b90$c20070308$lUSA01$h1608 979 $aRSIAV2$b90$c20091021$lUSA01$h0939 979 $aCHIARA$b90$c20120517$lUSA01$h1359 996 $aDroit relatif au maintien de la paix internationale$9990249 997 $aUNISA LEADER 02751nam 2200553Ia 450 001 9910778005803321 005 20230721022343.0 010 $a1-60876-414-1 035 $a(CKB)1000000000787698 035 $a(EBL)3018344 035 $a(SSID)ssj0000140412 035 $a(PQKBManifestationID)11139492 035 $a(PQKBTitleCode)TC0000140412 035 $a(PQKBWorkID)10052982 035 $a(PQKB)10451332 035 $a(MiAaPQ)EBC3018344 035 $a(Au-PeEL)EBL3018344 035 $a(CaPaEBR)ebr10660205 035 $a(OCoLC)435414576 035 $a(EXLCZ)991000000000787698 100 $a20080729d2009 uy 0 101 0 $aeng 135 $aur|n|---||||| 181 $ctxt 182 $cc 183 $acr 200 10$aDNA methylation in plants$b[electronic resource] /$fBoris F. Vanyushin, Vasili V. Ashapkin 210 $aNew York $cNova Biomedical Books$dc2009 215 $a1 online resource (164 p.) 300 $aDescription based upon print version of record. 311 $a1-60692-051-0 320 $aIncludes bibliographical references and index. 327 $a""DNA METHYLATION IN PLANTS""; ""NOTICE TO THE READER""; ""CONTENTS""; ""PREFACE""; ""INTRODUCTION""; ""IS THE CYTOSINE DNA METHYLATION AT ALL IMPORTANT?""; ""ARE TRANSPOSABLE SEQUENCES SILENCED BY CYTOSINE METHYLATION?""; ""ARE MULTICOPY GENES SILENCED BY CYTOSINE METHYLATION?""; ""IS GENE SILENCING ALWAYS ASSOCIATED WITH THEIR METHYLATION?""; ""ARE THE EPIGENETIC CHANGES INHERITABLE?""; ""CYTOSINE DNA-METHYLTRANSFERASES: HOW MANY OF THEM ARE NEEDED?""; ""1. MET1 IS A MAJOR CPG-SPECIFIC MAINTENANCE PLANT DNA-METHYLTRANSFERASE"" 327 $a""2. CHROMOMETHYLASE IS A PLANT SPECIFIC DNA-METHYLTRANSFERASE""""3. DRM ARE THE PLANT DE NOVO DNA-METHYLTRANSFERASES""; ""ARE THERE SIGNALS FOR THE DE NOVO DNA METHYLATION?""; ""IS DNA METHYLATION ITSELF REGULATED BY DNA METHYLATION?""; ""H3 HISTONE METHYLATION OR HOW DNA METHYLATION PATTERNS ARE ESTABLISHED AND MAINTAINED?""; ""IS DSRNA AN ANOTHER WAY OF ESTABLISHING DNA METHYLATION PATTERNS?""; ""ADENINE DNA METHYLATION""; ""N6-METHYLADENINE IN DNA OF EUKARYOTES""; ""ADENINE DNA-METHYLTRANSFERASES""; ""PUTATIVE ROLE OF ADENINE DNA METHYLATION IN PLANTS""; ""CONCLUSION"" 327 $a""ACKNOWLEDGEMENTS""""REFERENCES""; ""INDEX"" 606 $aPlant biochemical genetics 606 $aDNA$xMethylation 615 0$aPlant biochemical genetics. 615 0$aDNA$xMethylation. 676 $a572.8/2 700 $aVaniushin$b B. F$01583862 701 $aAshapkin$b Vasili V$01583863 801 0$bMiAaPQ 801 1$bMiAaPQ 801 2$bMiAaPQ 906 $aBOOK 912 $a9910778005803321 996 $aDNA methylation in plants$93867340 997 $aUNINA